LEADER 00905nam a22002531i 4500 001 991000594829707536 005 20041006151809.0 008 041108s1995 it a||||||||||||||||ita 035 $ab1324405x-39ule_inst 035 $aARCHE-117560$9ExL 040 $aDip.to Studi Storici$bita$cA.t.i. Arché s.c.r.l. Pandora Sicilia s.r.l. 082 04$a759.5 100 1 $aPallucchini, Rodolfo$037068 245 13$aIl Settecento /$cRodolfo Pallucchini 260 $aMilano :$bElecta,$c1995 300 $a616 p. :$bill. ;$c29 cm 440 3$aLa pittura nel Veneto 651 4$aVeneto$xPittura$ySec. 18. 907 $a.b1324405x$b02-04-14$c12-11-04 912 $a991000594829707536 945 $aLE019 A 32$g1$i2019000076838$lle023$nV. 1. - C. 1$o-$pE0.00$q-$rn$so $t0$u0$v0$w0$x0$y.i13933565$z12-11-04 996 $aSettecento$9175988 997 $aUNISALENTO 998 $ale023$b12-11-04$cm$da $e-$fita$git $h3$i1 LEADER 01492nas 2200481- 450 001 9910139103503321 005 20210927213032.0 011 $a2376-4562 035 $a(OCoLC)798811118 035 $a(CKB)2560000000085094 035 $a(CONSER)--2012203182 035 $a(DE-599)ZDB2684721-8 035 $a(EXLCZ)992560000000085094 100 $a20120711a20139999 --- a 101 0 $aeng 135 $aur||||||||||| 181 $ctxt$2rdacontent 182 $cc$2rdamedia 183 $acr$2rdacarrier 200 00$aIEEE transactions on emerging topics in computing 210 1$aNew York, N.Y. :$cInstitute of Electrical and Electronics Engineers 215 $a1 online resource 311 $a2168-6750 517 1 $aIEEE TETC 517 1 $aITETBT 531 0 $aIEEE trans. emerg. top. comput. 606 $aInformation technology$vPeriodicals 606 $aComputers$vPeriodicals 606 $aComputers$2fast$3(OCoLC)fst00872776 606 $aInformation technology$2fast$3(OCoLC)fst00973089 608 $aPeriodicals.$2fast 610 $aInformation Technology 615 0$aInformation technology 615 0$aComputers 615 7$aComputers. 615 7$aInformation technology. 676 $a004 712 02$aInstitute of Electrical and Electronics Engineers. 712 02$aIEEE Computer Society. 906 $aJOURNAL 912 $a9910139103503321 996 $aIEEE transactions on emerging topics in computing$92580222 997 $aUNINA